000 00438nam a2200181Ia 4500
001 3522
005 20260306145649.0
008 260306t2007||||xx |||||||||||||| ||spa||
041 _aESP
082 _a285.8
_bS21
100 _aSandrin, Luciano
_eAUT
245 0 _aCuidarse a sí mismo:
_bpara ayudar sin quemarse
260 _c2007
300 _a140 páginas :
_c21 cm.
650 _aGEN
654 _aCHU
942 _cLIB
_dJUS
_fJUS
_2ddc
_n
999 _c3522
_d3522